000 01212nam a2200337 a 4500
005 20200104041532.0
008 160112t1999 ck abd fr|||| 000 0 spa d
020 _a958953781 (Estudios en la amazonia Colombiana)
020 _a9589365108 (Volumen XVII)
040 _aCO-BoIAVH
_cCO-BoIAVH
041 0 _aspa
044 _ack
090 _aRE
_b00060
100 1 _aVélez Ortiz, Germán Alonso
245 1 0 _aSistema agroforestal de las chagras indígenas del Medio Caquetá
246 1 1 _aAgroforestry systems of indigenus "Chagras" in the Middle Caquetá
250 _aPrimera edición
260 _aBogotá :
_bTropenbos Colombia ,
_cc1999.
300 _a285 páginas :
_bIlustraciones, mapas, gráficos ;
_c24 x 17 cm.
490 _aEstudios en la amazonia Colombiana
_v17
650 6 _aComunidades indígenas
650 6 _aComunidad Huitoto - Muiname
650 6 _aComunidad Muiname - Nonuya
650 6 _aSistemas agroforestales
650 6 _aChagras
650 6 _aConocimiento tradicional
650 6 _aDesarrollo sostenible
662 _aColombia
_bCaquetá
700 1 _aVélez García, Antonio José
942 _cLIBRO
_2ddc
999 _c2472
_d2472